000 00310nam a2200097Ia 4500
008 220120s9999||||xx |||||||||||||| ||und||
100 _aKaryappa M.B and others
_912489
245 0 _aAcoustic noice suppression
260 _aCoorg Institute of Technology
_bPonnampet
_c2014
650 _aELECTRONICS AND COMMUNICATIONS
999 _c138083
_d138083